MARC

LEADER 00000nam0a2200000 4500
001 29101
005 20231030203143.0
010 |a 5217014040 
035 |a (RuTPU)RU\TPU\book\29360 
035 |a BOOK00029435 
090 |a 29101 
100 |a 20011209d1992 u y0rusy50 ca 
101 0 |a rus 
102 |a RU 
105 |a а 000|y 
200 1 |a Диагностирование грузоподъемных машин  |f В. И. Сероштан, Ю. С. Огарь, А. И. Головин и др 
210 |a Москва  |c Машиностроение  |d 1992 
215 |a 192 с.  |c ил. 
300 |a Авт. указ. на обороте тит. л. 
320 |a Библиогр. : с. 188-191 (78 назв.). 
610 1 |a подъемно-транспортное оборудование 
610 1 |a техническая диагностика 
610 1 |a грузоподъемные машины 
610 1 |a крановые механизмы 
610 1 |a металлоконструкции 
610 1 |a электрооборудование 
675 |a 621.86  |v 3 
701 1 |a Сероштан  |g Владимир Иванович 
701 1 |a Огарь  |g Юрий Сергеевич 
701 1 |a Головин  |g Александр Иванович 
801 0 |a RU  |b 63413507  |c 20011209  |g PSBO 
801 2 |a RU  |b 63413507  |c 20170109  |g PSBO 
942 |c BK